000 00558nam a2200193 a 4500
001 2557
003 CO-ViMGA
008 141112s2004 ck r 000 u spa d
040 _aCO-ViMGA
_bspa
_cCO-ViMGA
082 0 4 _a986.102 F743
100 1 _aFriede, Juan
_951527
245 1 0 _aLos quimbayas bajo la dominación española :
_bestudio documental (1539 - 1810)
250 _a2a
260 _aBogotá :
_bCarlos Valencia,
_c1978
300 _a256 p : il
650 1 4 _aCOLOMBIA - HISTORIA - CONQUISTA
_951528
650 1 4 _aQUIMBAYAS
_951529
942 _2ddc
_cBK
999 _c14634
_d14634